Normal view
MARC view
- URDU ADAB-FICTIONS
Entry Topical Term
001 - CONTROL NUMBER
- control field: 65572
003 - CONTROL NUMBER IDENTIFIER
- control field: NUST
005 - DATE AND TIME OF LATEST TRANSACTION
- control field: 20210628203443.0
008 - FIXED-LENGTH DATA ELEMENTS
- fixed length control field: 210628|| aca||aabn | a|a d
040 ## - CATALOGING SOURCE
- Original cataloging agency: NUST
- Transcribing agency: NUST
150 ## - HEADING--TOPICAL TERM
- Topical term or geographic name entry element: URDU ADAB-FICTIONS
670 ## - SOURCE DATA FOUND
- Source citation: Work cat.: (NUST): Qasmi, Ahmed Nadeem 25476, Chopal, 1995
